Overwatch Characters Homeland - Statistics

General Stats
  • This quiz has been taken 272 times
    253 since last reset
  • The average score is 20 of 23
Answer Stats
Hint Answer % Correct
Genji Japan
100%
Hanzo Japan
100%
Pharah Egypt
92%
Ana Egypt
92%
Bastion Germany
91%
Reinhardt Germany
91%
Sombra Mexico
91%
Mei China
90%
Junkrat Australia
88%
Roadhog Australia
88%
Widowmaker France
88%
Zarya Russia
88%
Torbjorn Sweden
87%
D.Va South Korea
85%
McCree America
84%
Reaper America
84%
Soldier 76 America
84%
Lucio Brazil
80%
Symmetra India
80%
Zenyatta Nepal
75%
Mercy Switzerland
73%
Winston Moon
71%
Tracer United Kingdom
70%
No matching quizzes found
Score Distribution
Percent of People with Each Score
Percentile by Number Answered
Your Score History
You have not taken this quiz since the last reset